Anales de la Universidad de Chile: memorias científicas y literarias
Saved in:
| Corporate Author: | |
|---|---|
| Format: | Book |
| Language: | Spanish |
| Published: |
Santiago
Editorial Universitaria
1964
|
| Edition: | 1a. ed |
| Subjects: | |
| Tags: |
Add Tag
No Tags, Be the first to tag this record!
|
MARC
| LEADER | 00000cam a2200000 a 4500 | ||
|---|---|---|---|
| 001 | UCE5107 | ||
| 003 | CL-VaPUC | ||
| 008 | 141204e19640000cl |||||||||||||||||spa|d | ||
| 082 | 0 | 4 | |a 378 |b UNI |2 21 |
| 110 | 2 | |a Universidad de Chile |e author |9 577596 | |
| 245 | 1 | 0 | |a Anales de la Universidad de Chile: memorias científicas y literarias |
| 250 | |a 1a. ed | ||
| 300 | |a 279 p | ||
| 942 | |c BK | ||
| 945 | |d 20141204 15:21:00 |a arojas | ||
| 260 | |a Santiago |b Editorial Universitaria |c 1964 | ||
| 500 | |a Año 122 julio - septiembre 1964 No 131 | ||
| 650 | 0 | |a Educación superior |9 223851 | |
| 650 | 0 | |a Anales |9 440070 | |
| 650 | 0 | |a Anuales |9 577597 | |
| 650 | 0 | |a Artículos |9 392753 | |
| 650 | 7 | |a CRONICAS |2 CL-VaPUC |9 336724 | |
| 650 | 7 | |a INVESTIGACIONES |2 CL-VaPUC |9 261211 | |
| 650 | 0 | |a Crítica e interpretación literaria |9 266284 | |
| 650 | 0 | |a Lingüística |9 265068 | |
| 650 | 0 | |a Anuarios |9 258977 | |
| 583 | |a last modification |c 20141204 15:21:00 |k Rodrigo Vera | ||
| 999 | |c 357916 |d 357914 | ||
| 952 | |0 0 |1 0 |3 erb |4 0 |6 378_000000000000000_UNI_1964 |7 0 |8 X |9 466075 |a FDOBUD |b FDOBUD |i 5108411 |o 378 UNI 1964 |p 5108411 |r 2019-11-23 |w 2019-11-23 |y BK_X |z Catalogado en:20141204 |k BUD | ||